书目信息 |
| 题名: |
伊朗史纲
|
|
| 作者: | 伊凡诺夫 著 ;李希泌 , 孙伟 , 汪德全 译 | |
| 分册: | ||
| 出版信息: | 上海 三联书店 1973.9 |
|
| 页数: | 621页 | |
| 开本: | 32开 | |
| 丛书名: | ||
| 单 册: | ||
| 中图分类: | K373.0 | |
| 科图分类: | ||
| 主题词: | 西亚--历史 | |
| 电子资源: | ||
| ISBN: | ||
| 000 | 00805nam0 2200277 45 | |
| 001 | 0211180816 | |
| 005 | 20031219104100.4 | |
| 010 | @dCNY1.70 | |
| 091 | @a11002.456 | |
| 100 | @a20021118d1973 km y0chiy0120 ea | |
| 101 | 0 | @achi |
| 105 | @ab z 000yy | |
| 200 | 1 | @a伊朗史纲@AYi Lang Shi Gang@f(苏)米·谢·伊凡诺夫著@F(Su)Mi·Xie·Yi Fan Nuo Fu Zhu@g李希泌,孙伟,汪德全译 |
| 210 | @a上海@c三联书店@d1973.9 | |
| 215 | @a621页@c地图@d32开 | |
| 300 | @a附录:大事年表 | |
| 300 | @a内部读物 | |
| 300 | @a根据苏联国家政治书籍出版社一九五二年版译出 | |
| 606 | 0 | @a西亚@x历史 |
| 690 | @aK373.0@v3 | |
| 701 | 0 | @a伊凡诺夫@4著 |
| 702 | 0 | @a李希泌@ALi Xi Mi@4译 |
| 702 | 0 | @a孙伟@ASun Wei@4译 |
| 702 | 0 | @a汪德全@AWang De Quan@4译 |
| 801 | @aCN@bTSTC@c20021219 | |
| 905 | @dK373.0@e2@f1@b219209 | |
| 伊朗史纲/(苏)米·谢·伊凡诺夫著/李希泌,孙伟,汪德全译.-上海:三联书店,1973.9 |
| 621页:地图;32开 |
| 附录:大事年表.-内部读物.-根据苏联国家政治书籍出版社一九五二年版译出 |
| ISBN :CNY1.70 |
| ● |
| 相关链接 |
|
|
|
|
正题名:伊朗史纲
索取号:K373.0/2
 
预约/预借
| 序号 | 登录号 | 条形码 | 馆藏地/架位号 | 状态 | 备注 |
| 1 | 0219209 | 001746622 | 第二样本阅览室/ [索取号:K373.0/2] | 在馆 | |
| 2 | 0228467 | 001623425 | 密集书库/ [索取号:K373.0/2] | 在馆 |